The pyramids of Egypt (Record no. 901)

MARC details
000 -LEADER
fixed length control field 00664cam a2200253 4500
005 - DATE AND TIME OF LATEST TRANSACTION
control field 20260322212038.0
008 - FIXED-LENGTH DATA ELEMENTS--GENERAL INFORMATION
fixed length control field data
010 ## - LIBRARY OF CONGRESS CONTROL NUMBER
LC control number 73186741
020 ## - INTERNATIONAL STANDARD BOOK NUMBER
International Standard Book Number 0670583618
020 ## - INTERNATIONAL STANDARD BOOK NUMBER
International Standard Book Number 9780670583614
040 ## - CATALOGING SOURCE
Original cataloging agency DLC
Transcribing agency DLC
Modifying agency DLC
043 ## - GEOGRAPHIC AREA CODE
Geographic area code f-ua---
050 00 - LIBRARY OF CONGRESS CALL NUMBER
Classification number DT63
Item number .E3 1972
082 00 - DEWEY DECIMAL CLASSIFICATION NUMBER
Classification number 913.32
092 ## - LOCALLY ASSIGNED DEWEY CALL NUMBER (OCLC)
Classification number 913.32 E3 1972
001 - CONTROL NUMBER
control field data
100 1# - MAIN ENTRY--PERSONAL NAME
Personal name Edwards, I. E. S.
Dates associated with a name 1909-1996.
Fuller form of name (Iorwerth Eiddon Stephen),
245 14 - TITLE STATEMENT
Title The pyramids of Egypt
Statement of responsibility, etc. I. E. S. Edwards.
260 ## - PUBLICATION, DISTRIBUTION, ETC.
Place of publication, distribution, etc. New York,
Name of publisher, distributor, etc. Viking Press
Date of publication, distribution, etc. [1972]
300 ## - PHYSICAL DESCRIPTION
Extent 240 p.
Other physical details illus.
Dimensions 25 cm.
490 0# - SERIES STATEMENT
Series statement A Studio book
504 ## - BIBLIOGRAPHY, ETC. NOTE
Bibliography, etc. note Bibliography: p. [227]-234.
650 #0 - SUBJECT ADDED ENTRY--TOPICAL TERM
Topical term or geographic name entry element Pyramids
Geographic subdivision Egypt.
Holdings
Withdrawn status Lost status Damaged status Not for loan Home library Current library Shelving location Date acquired Total checkouts Full call number Barcode Date last seen Price effective from Koha item type
        Centerville Centerville General stacks 22/03/2026   913.32 BC0010929 22/03/2026 22/03/2026 Books